[Event "8eme Open International de La Fere"]
[Site "La Fere (FRA)"]
[Date "2009.07.09"]
[Round "7.11"]
[White "Demanghon, Jonathan"]
[Black "Thomas, Olivier"]
[Result "1/2-1/2"]
[WhiteElo "2211"]
[BlackElo "2068"]
[PlyCount "50"]
[EventDate "2009.??.??"]

1. d4 Nf6 2. c4 g6 3. Nc3 Bg7 4. e4 d6 5. f3 O-O 6. Nge2 Nc6 7. Be3 a6 8. Qd2
Rb8 9. Rc1 Bd7 10. Nd1 e5 11. d5 Ne7 12. Nf2 Ne8 13. g3 f5 14. Bg2 c5 15. b4 b6
16. a3 Kh8 17. O-O Nf6 18. Nc3 Qc7 19. Rb1 Neg8 20. Rb3 Nh5 21. Nd3 f4 22. gxf4
cxb4 23. Rxb4 exf4 24. Nxf4 Nxf4 25. Bxf4 Rxf4 1/2-1/2

[Event "8eme Open International de La Fere"]
[Site "La Fere (FRA)"]
[Date "2009.07.09"]
[Round "7.13"]
[White "Tawegoum, Ivan"]
[Black "Noiroux, Kevin"]
[Result "0-1"]
[WhiteElo "1490"]
[BlackElo "2145"]
[PlyCount "42"]
[EventDate "2009.??.??"]

1. e4 d5 2. exd5 Qxd5 3. Nc3 Qa5 4. Nf3 Nf6 5. d4 c6 6. Ne5 Be6 7. Bd2 Nbd7 8.
Nxd7 Bxd7 9. Bc4 Qb6 10. O-O Qxd4 11. Bb3 Bg4 12. Qe1 e6 13. a3 Bd6 14. Qc1 Qe5
15. g3 Qh5 16. Bf4 Bf3 17. Qe3 Bc5 18. Qxf3 Qxf3 19. Rad1 O-O 20. Rd3 Qh5 21.
Re1 Ng4 0-1

[Event "8eme Open International de La Fere"]
[Site "La Fere (FRA)"]
[Date "2009.07.09"]
[Round "7.14"]
[White "Waquet, Frederic"]
[Black "Genov, Petar"]
[Result "0-1"]
[WhiteElo "2005"]
[BlackElo "2478"]
[PlyCount "56"]
[EventDate "2009.??.??"]

1. d4 Nf6 2. Nf3 b6 3. Bg5 e6 4. Nbd2 Bb7 5. e3 Be7 6. Bd3 c5 7. c3 d6 8. O-O
Nbd7 9. e4 O-O 10. Qe2 h6 11. Bxf6 Bxf6 12. Rad1 Qc7 13. Rfe1 Rad8 14. Nc4 d5
15. Ncd2 cxd4 16. cxd4 dxe4 17. Nxe4 Be7 18. Bb1 Nf6 19. Nxf6+ Bxf6 20. Ne5 Rd6
21. Qd3 g6 22. Rc1 Qe7 23. f4 Rfd8 24. Red1 Bxe5 25. fxe5 Rxd4 26. Qxd4 Rxd4
27. Rxd4 Qg5 28. Rc2 Qe3+ 0-1

[Event "8eme Open International de La Fere"]
[Site "La Fere (FRA)"]
[Date "2009.07.09"]
[Round "7.15"]
[White "Marzolo, Cyril"]
[Black "Neumair, Jerome"]
[Result "1-0"]
[WhiteElo "2443"]
[BlackElo "2007"]
[PlyCount "67"]
[EventDate "2009.??.??"]

1. Nf3 d5 2. d4 c6 3. c4 e6 4. Qc2 Nf6 5. Bg5 Nbd7 6. Nbd2 Be7 7. e3 O-O 8. Bd3
h6 9. Bh4 a6 10. O-O dxc4 11. Nxc4 c5 12. Rfd1 b5 13. Nce5 Nxe5 14. Nxe5 Bb7
15. dxc5 Qc7 16. c6 Bc8 17. Nf3 e5 18. Rac1 Rb8 19. Bg3 Bd6 20. Bf5 Rb6 21. Nh4
Re8 22. h3 Bf8 23. Rd7 Bxd7 24. cxd7 Qxc2 25. Rxc2 Nxd7 26. Bxd7 Rd8 27. Bg4 f6
28. f4 e4 29. Be1 Rbd6 30. Kf2 Kh8 31. Ng6+ Kg8 32. Nxf8 f5 33. Bxf5 Rf6 34.
Ne6 1-0

[Event "8eme Open International de La Fere"]
[Site "La Fere (FRA)"]
[Date "2009.07.09"]
[Round "7.17"]
[White "Pytel, Krzysztof"]
[Black "Derigny, Philippe"]
[Result "1-0"]
[WhiteElo "2383"]
[BlackElo "1993"]
[PlyCount "111"]
[EventDate "2009.??.??"]

1. d4 Nf6 2. Nf3 d6 3. c4 g6 4. Nc3 Bg7 5. e4 c6 6. Be2 O-O 7. O-O Qc7 8. Re1
a6 9. a4 a5 10. h3 Na6 11. Be3 Nd7 12. Qd2 Re8 13. Bh6 Nb4 14. Bxg7 Kxg7 15.
Bf1 e5 16. Rad1 f6 17. Kh1 Qb6 18. b3 Re7 19. Rb1 Nf8 20. Red1 Be6 21. c5 dxc5
22. dxe5 fxe5 23. Nxe5 Qc7 24. Nc4 Nd7 25. Qg5 Nf6 26. Qxc5 Bxc4 27. Bxc4 Rae8
28. f3 Re5 29. Qd4 Nc2 30. Qf2 Nb4 31. Rb2 Rh5 32. Rbd2 Qe5 33. Qd4 Qg3 34. Ne2
Qc7 35. Qd6 Qxd6 36. Rxd6 Rc5 37. Nf4 Rce5 38. Rd8 R8e7 39. Rb8 g5 40. Ne2 c5
41. Ng3 Nc6 42. Ra8 Re8 43. Rxe8 Rxe8 44. Nf5+ Kg6 45. Kg1 Rd8 46. Rxd8 Nxd8
47. Kf2 Nd7 48. Ke3 Kf6 49. g3 Ne5 50. f4 Ng6 51. Nd6 gxf4+ 52. gxf4 Nh4 53.
e5+ Ke7 54. Bd5 Ne6 55. Bxe6 Kxe6 56. Ke4 1-0

[Event "8eme Open International de La Fere"]
[Site "La Fere (FRA)"]
[Date "2009.07.09"]
[Round "7.19"]
[White "Forthofer, Robert"]
[Black "Mestdagh, Franck"]
[Result "1-0"]
[WhiteElo "2263"]
[BlackElo "1937"]
[PlyCount "73"]
[EventDate "2009.??.??"]

1. f4 Nf6 2. Nf3 d6 3. d3 g6 4. e4 Bg7 5. Be2 Nc6 6. O-O O-O 7. Nc3 e5 8. Qe1
Bd7 9. fxe5 dxe5 10. Bg5 h6 11. Bh4 Qe8 12. Nd2 g5 13. Bg3 Nd4 14. Bd1 b5 15.
Ne2 Ng4 16. Nxd4 exd4 17. Bxg4 Bxg4 18. Nb3 Qe7 19. Qa5 c6 20. Rf2 a6 21. Raf1
Be6 22. Qb6 Bxb3 23. axb3 Rfc8 24. Rxf7 Qxf7 25. Rxf7 Kxf7 26. Qb7+ Kg8 27. e5
Rab8 28. Qd7 Rd8 29. Qxc6 Rbc8 30. Qb6 Rf8 31. h4 gxh4 32. Bxh4 Rxc2 33. Qg6
Rc7 34. Kh2 Kh8 35. Kh3 Bxe5 36. Qxh6+ Kg8 37. Qe6+ 1-0

[Event "8eme Open International de La Fere"]
[Site "La Fere (FRA)"]
[Date "2009.07.09"]
[Round "7.20"]
[White "Genova, Lyubka"]
[Black "Boudier, Eric"]
[Result "1-0"]
[WhiteElo "2209"]
[BlackElo "1883"]
[PlyCount "73"]
[EventDate "2009.??.??"]

1. e4 d5 2. exd5 Nf6 3. Bb5+ Bd7 4. Be2 Nxd5 5. d4 Bf5 6. Nf3 e6 7. O-O Nb4 8.
Na3 N8c6 9. c3 Nd5 10. Nc4 Be7 11. a3 O-O 12. Ne3 Bg6 13. Ng4 Nf6 14. Nge5 Nxe5
15. Nxe5 c6 16. Re1 Qb6 17. Bf3 Rad8 18. h4 Bd6 19. h5 Bf5 20. g4 Bxe5 21. Rxe5
Nd7 22. Re1 Qb5 23. gxf5 Qxf5 24. Be4 Qf6 25. Qg4 h6 26. Bf4 Nb6 27. Kh1 Nd5
28. Bxd5 Rxd5 29. Rg1 Rf5 30. Be5 Qg5 31. Qh3 Rxe5 32. dxe5 Qxe5 33. Rad1 Qe4+
34. f3 Qe5 35. Qg4 f5 36. Qg6 Kh8 37. Rde1 1-0

[Event "8eme Open International de La Fere"]
[Site "La Fere (FRA)"]
[Date "2009.07.09"]
[Round "7.22"]
[White "Guille, Nicolas"]
[Black "Mataigne, Jean-Michel"]
[Result "0-1"]
[WhiteElo "1782"]
[BlackElo "2053"]
[PlyCount "94"]
[EventDate "2009.??.??"]

1. e4 d6 2. d4 Nf6 3. Nc3 g6 4. Bf4 Bg7 5. Qd2 O-O 6. Be2 Nc6 7. O-O-O Nd7 8.
Nf3 e5 9. dxe5 Ndxe5 10. Bg5 f6 11. Nxe5 dxe5 12. Bc4+ Kh8 13. Qxd8 Rxd8 14.
Rxd8+ Nxd8 15. Be3 Be6 16. Nd5 Bxd5 17. exd5 Nf7 18. Bc5 Nd6 19. Bxd6 cxd6 20.
Bb5 Rd8 21. c4 a6 22. Ba4 Rc8 23. Bb3 b5 24. Kd2 bxc4 25. Ba4 f5 26. Kc2 e4 27.
Rd1 Rb8 28. b3 c3 29. a3 Rb7 30. b4 Re7 31. b5 axb5 32. Bxb5 f4 33. f3 e3 34.
a4 Rb7 35. Rb1 Bd4 36. a5 Kg7 37. a6 Re7 38. Be2 Kf6 39. Rb7 Re5 40. Kd3 Rxd5
41. Ke4 c2 42. Kxd5 c1=Q 43. Kxd4 Qd2+ 44. Bd3 e2 45. a7 e1=Q 46. a8=Q Qe5+ 47.
Kc4 Qdc3# 0-1

[Event "8eme Open International de La Fere"]
[Site "La Fere (FRA)"]
[Date "2009.07.09"]
[Round "7.23"]
[White "Paillard, Maximilien"]
[Black "Husson, Cybele"]
[Result "0-1"]
[WhiteElo "1462"]
[BlackElo "2037"]
[PlyCount "94"]
[EventDate "2009.??.??"]

1. e4 Nf6 2. e5 Nd5 3. d4 d6 4. c4 Nb6 5. Nf3 Bg4 6. exd6 exd6 7. Nc3 Nc6 8.
Be3 Be7 9. h3 Bh5 10. Be2 Bg6 11. O-O O-O 12. a4 a5 13. d5 Nb4 14. Nd4 Nd7 15.
Na2 Nxa2 16. Rxa2 Nc5 17. Nb3 Ne4 18. Nd2 Re8 19. Nxe4 Bxe4 20. Qb3 b6 21. Qb5
Bg5 22. Ra3 Bc2 23. Rc3 Bf5 24. Bxg5 Qxg5 25. Rg3 Qd2 26. Bf3 Re7 27. Qb3 Bc2
28. Qa2 Re1 29. Rxe1 Qxe1+ 30. Kh2 Qb4 31. Qa3 Qxa3 32. bxa3 Re8 33. Bg4 Bxa4
34. Re3 Re5 35. Rxe5 dxe5 36. Kg3 Kf8 37. Kf3 Bd1+ 38. Ke4 Bxg4 39. hxg4 f6 40.
Kf5 Ke7 41. g5 g6+ 42. Kg4 f5+ 43. Kf3 Kd6 44. Ke3 a4 45. Kd3 Kc5 46. g3 b5 47.
cxb5 Kxd5 0-1

[Event "8eme Open International de La Fere"]
[Site "La Fere (FRA)"]
[Date "2009.07.09"]
[Round "7.24"]
[White "Nepveu, Manuel"]
[Black "Khalfaoui, Mathias"]
[Result "1-0"]
[WhiteElo "2015"]
[BlackElo "1680"]
[PlyCount "89"]
[EventDate "2009.??.??"]

1. c4 e5 2. Nc3 Nf6 3. g3 Nc6 4. Bg2 Bb4 5. Nd5 Be7 6. d3 O-O 7. Nf3 d6 8.
Nxe7+ Qxe7 9. O-O h6 10. a3 Bd7 11. e4 a6 12. b4 b5 13. Qc2 Rfc8 14. Bb2 bxc4
15. dxc4 Be6 16. Rac1 Nd8 17. c5 Bd7 18. Rfd1 Bc6 19. Nh4 Nb7 20. cxd6 cxd6 21.
Nf5 Qf8 22. Qd3 Bb5 23. Qe3 Ba4 24. Re1 Qd8 25. h3 Kf8 26. Qd2 Rab8 27. g4 Nh7
28. Re3 Rxc1+ 29. Bxc1 Rc8 30. Rc3 Rc6 31. Rxc6 Bxc6 32. Qc3 Qd7 33. Kh2 Bb5
34. Kg3 Nd8 35. Be3 Ne6 36. Kh2 Qd8 37. Kg1 Qd7 38. f3 Nd8 39. Nxd6 f6 40. Bc5
Kg8 41. Qb3+ Kh8 42. Nxb5 axb5 43. Qd5 Qxd5 44. exd5 Kg8 45. Bf1 1-0

[Event "8eme Open International de La Fere"]
[Site "La Fere (FRA)"]
[Date "2009.07.09"]
[Round "7.26"]
[White "Roux, Jean-Francois"]
[Black "Eggink, Gerhard"]
[Result "0-1"]
[WhiteElo "1659"]
[BlackElo "1979"]
[PlyCount "96"]
[EventDate "2009.??.??"]

1. d4 d5 2. c4 e6 3. Nc3 Nf6 4. cxd5 Nxd5 5. e4 Nxc3 6. bxc3 c5 7. Nf3 Be7 8.
Be2 O-O 9. O-O Qc7 10. Be3 Rd8 11. Rc1 b6 12. Qc2 Bb7 13. e5 Nd7 14. Rfd1 Nf8
15. Qb3 Rac8 16. c4 cxd4 17. Bxd4 Ng6 18. Qe3 h6 19. Rc2 Bc6 20. Rb2 Ba4 21.
Rdb1 Bc5 22. Bxc5 Qxc5 23. Qc3 Bc6 24. Re1 Bxf3 25. Bxf3 Qxc4 26. Qe3 Rc5 27.
Be2 Qd4 28. Qxd4 Rxd4 29. Rbb1 Rxe5 30. g3 Rd2 31. Bc4 Rxe1+ 32. Rxe1 Ne7 33.
Kg2 Nd5 34. Kf3 Kf8 35. Rc1 Ke7 36. a4 Kd6 37. Bb5 Ne7 38. Ke3 Rd5 39. Rc2 Rc5
40. Rd2+ Nd5+ 41. Ke4 Rc3 42. f4 f5+ 43. Kd4 Ra3 44. Kc4 g5 45. Be8 a6 46. Bf7
Rxa4+ 47. Kb3 Re4 48. Be8 gxf4 0-1

[Event "8eme Open International de La Fere"]
[Site "La Fere (FRA)"]
[Date "2009.07.09"]
[Round "7.27"]
[White "Pytel, Bozena"]
[Black "Herman, Jose"]
[Result "1-0"]
[WhiteElo "1957"]
[BlackElo "1620"]
[PlyCount "85"]
[EventDate "2009.??.??"]

1. Nf3 Nc6 2. d4 d5 3. e3 Nf6 4. c4 Bg4 5. h3 Bh5 6. Nbd2 e6 7. Qa4 Nd7 8. cxd5
Nb6 9. Qb3 Qxd5 10. Qxd5 exd5 11. Bb5 Nd7 12. a3 Ncb8 13. O-O Be7 14. g4 Bg6
15. Ne5 c6 16. Be2 Bd6 17. Nxg6 hxg6 18. Kg2 Nf6 19. Bd3 Nbd7 20. b3 Nf8 21.
Bb2 Ne6 22. f3 O-O-O 23. Rh1 Rh4 24. f4 Bxf4 25. exf4 Nxf4+ 26. Kg3 g5 27. Bf5+
Kc7 28. Nf3 Rdh8 29. Nxh4 Rxh4 30. Rae1 Ne6 31. Bxe6 fxe6 32. Rxe6 Ne4+ 33. Kg2
Nd2 34. b4 Nc4 35. Bc1 Rh7 36. Rg6 a5 37. Rxg5 axb4 38. axb4 Nd6 39. Bf4 Kd7
40. Bxd6 Kxd6 41. Rf1 b6 42. Rf7 c5 43. Rg6# 1-0

[Event "8eme Open International de La Fere"]
[Site "La Fere (FRA)"]
[Date "2009.07.09"]
[Round "7.29"]
[White "Soveaux, Jean"]
[Black "Turlin, Simon"]
[Result "0-1"]
[WhiteElo "1947"]
[BlackElo "1610"]
[PlyCount "40"]
[EventDate "2009.??.??"]

1. d4 d5 2. c4 c6 3. Nc3 Nf6 4. Nf3 e6 5. Bg5 Nbd7 6. e3 Be7 7. Qc2 O-O 8. a3
Re8 9. Bd3 dxc4 10. Bxc4 b5 11. Ba2 Bb7 12. O-O a6 13. Nd2 Rc8 14. b4 e5 15.
dxe5 Nxe5 16. Rad1 Qb6 17. Qb2 c5 18. bxc5 Rxc5 19. Na4 Qc6 20. Nxc5 Qxg2# 0-1

[Event "8eme Open International de La Fere"]
[Site "La Fere (FRA)"]
[Date "2009.07.09"]
[Round "7.30"]
[White "Hutin, Evgueny"]
[Black "Barbry, Quentin"]
[Result "1-0"]
[WhiteElo "1919"]
[BlackElo "1564"]
[PlyCount "69"]
[EventDate "2009.??.??"]

1. d4 d5 2. Nf3 Nf6 3. c4 c6 4. Nc3 Nbd7 5. Bf4 dxc4 6. a4 Nb6 7. e4 Bg4 8. a5
Nbd7 9. Bxc4 e6 10. O-O Bb4 11. Bg5 Qc7 12. e5 Nd5 13. Ne4 O-O 14. a6 b5 15.
Bb3 Qb6 16. Be3 Nb8 17. Qd3 Bf5 18. Nh4 Bxe4 19. Qxe4 Nxe3 20. fxe3 Nxa6 21.
Bc2 g6 22. Qf4 Nc7 23. Rf3 Qb8 24. Qh6 Nd5 25. Raf1 Qc7 26. e4 Nb6 27. Rh3 f5
28. exf6 Qd7 29. e5 Rf7 30. Nxg6 Re8 31. Rh4 Nd5 32. Rf3 Qc7 33. Rg3 Bf8 34.
Ne7+ Kh8 35. Rg8# 1-0

[Event "8eme Open International de La Fere"]
[Site "La Fere (FRA)"]
[Date "2009.07.09"]
[Round "7.31"]
[White "Wells, Pierre-Alexandre"]
[Black "Molet, Asher"]
[Result "1-0"]
[WhiteElo "1499"]
[BlackElo "1900"]
[PlyCount "33"]
[EventDate "2009.??.??"]

1. e4 c5 2. c3 d5 3. exd5 Qxd5 4. d4 cxd4 5. cxd4 Nc6 6. Be3 e5 7. Nc3 Bb4 8.
Nge2 Nf6 9. a3 Bxc3+ 10. Nxc3 Qd8 11. dxe5 Qxd1+ 12. Rxd1 Ng4 13. Bb5 b6 14.
Bd3 Bb7 15. Bb5 a6 16. Bxc6+ Bxc6 17. O-O 1-0

[Event "8eme Open International de La Fere"]
[Site "La Fere (FRA)"]
[Date "2009.07.09"]
[Round "7.32"]
[White "Wolfangel, Jocelyne"]
[Black "Vandervorst, Marc"]
[Result "1/2-1/2"]
[WhiteElo "1410"]
[BlackElo "1876"]
[PlyCount "67"]
[EventDate "2009.??.??"]

1. d4 Nf6 2. c4 g6 3. Nc3 Bg7 4. e4 d6 5. Be2 O-O 6. Nf3 Bg4 7. Be3 c6 8. O-O
Na6 9. a3 Nc7 10. e5 Nd7 11. exd6 exd6 12. Re1 Nb6 13. c5 dxc5 14. dxc5 Nbd5
15. Bd4 Nxc3 16. Bxc3 Bxc3 17. bxc3 Nd5 18. Qd4 Be6 19. c4 Qf6 20. cxd5 Qxd4
21. Nxd4 Bxd5 22. Bf3 Rad8 23. h3 Bc4 24. Nc2 Rd2 25. Rac1 a5 26. Ne3 Bb3 27.
Nc4 Bxc4 28. Rxc4 Ra2 29. Ra4 Ra8 30. Rb1 Ra7 31. Bd1 Kf8 32. Bb3 Rd2 33. Rd1
Rb2 34. Bc4 1/2-1/2

[Event "8eme Open International de La Fere"]
[Site "La Fere (FRA)"]
[Date "2009.07.09"]
[Round "7.33"]
[White "Van Poucke, Anthony"]
[Black "Louis, Andre"]
[Result "0-1"]
[WhiteElo "1400"]
[BlackElo "1862"]
[PlyCount "108"]
[EventDate "2009.??.??"]

1. e4 c5 2. Nc3 Nc6 3. Nf3 d6 4. h3 g6 5. Bc4 e6 6. d3 Bg7 7. Bf4 a6 8. Qd2
Nge7 9. O-O O-O 10. Bh6 b5 11. Bb3 Bb7 12. a3 b4 13. axb4 cxb4 14. Ne2 Qb6 15.
c3 Rfc8 16. Bxg7 Kxg7 17. Rfc1 Na5 18. Ba4 Nec6 19. cxb4 Nxb4 20. Ned4 Rab8 21.
Nb3 Rxc1+ 22. Rxc1 Na2 23. Nxa5 Nxc1 24. Nxb7 Rxb7 25. Qxc1 Qb4 26. b3 f6 27.
Qc4 Qxc4 28. dxc4 a5 29. Nd4 Kf7 30. Nc6 Rc7 31. Nxa5 f5 32. exf5 gxf5 33. Nc6
Kf6 34. b4 e5 35. f3 Ke6 36. b5 Kd7 37. Nxe5+ Kc8 38. Nc6 Kb7 39. Kf2 Kb6 40.
Bc2 f4 41. Ke2 Kc5 42. Bb3 h6 43. Kd3 Rg7 44. Ke4 Rxg2 45. Kxf4 Rb2 46. Na5 Kb4
47. Nb7 Rxb3 48. Nxd6 Kc5 49. Ne4+ Kd4 50. Kf5 Rxf3+ 51. Ke6 Kxe4 52. b6 Kd4
53. b7 Rb3 54. Kd6 Kxc4 0-1

[Event "8eme Open International de La Fere"]
[Site "La Fere (FRA)"]
[Date "2009.07.09"]
[Round "7.34"]
[White "Neumair, Cedric"]
[Black "Siegfried, Francois"]
[Result "1-0"]
[WhiteElo "1845"]
[BlackElo "1360"]
[PlyCount "47"]
[EventDate "2009.??.??"]

1. d4 d5 2. c4 dxc4 3. Nf3 e6 4. Nc3 Bb4 5. Qa4+ Nc6 6. e3 Bxc3+ 7. bxc3 Nf6 8.
Bxc4 O-O 9. O-O Bd7 10. Qc2 h6 11. Rb1 b6 12. e4 Na5 13. Bd3 Bc8 14. Ne5 Bb7
15. g4 g5 16. f4 gxf4 17. Bxf4 h5 18. Bg5 Kh7 19. Rxf6 Qxf6 20. Bxf6 Rg8 21.
Nxf7 Rxg4+ 22. Kh1 Rag8 23. d5 Rg2 24. e5+ 1-0

[Event "8eme Open International de La Fere"]
[Site "La Fere (FRA)"]
[Date "2009.07.09"]
[Round "7.35"]
[White "Poulain, Andre"]
[Black "Belloc, Clemence"]
[Result "1-0"]
[WhiteElo "1820"]
[BlackElo "1300"]
[PlyCount "57"]
[EventDate "2009.??.??"]

1. e4 e5 2. Nf3 Nc6 3. d4 exd4 4. Nxd4 d5 5. Bb5 Nge7 6. exd5 Qxd5 7. O-O Bd7
8. Bxc6 Nxc6 9. Nxc6 Qxc6 10. Re1+ Be6 11. Nc3 Bb4 12. Re3 Rd8 13. Rd3 Rxd3 14.
Qxd3 O-O 15. Bf4 Re8 16. Qg3 Bd6 17. Bxd6 cxd6 18. Qd3 a6 19. a3 b5 20. h3 h6
21. Rd1 Rd8 22. Ne4 Bf5 23. Nf6+ gxf6 24. Qxf5 d5 25. Rd3 Rd7 26. Rg3+ Kf8 27.
Qh7 Qe6 28. Qh8+ Ke7 29. Re3 1-0

[Event "8eme Open International de La Fere"]
[Site "La Fere (FRA)"]
[Date "2009.07.09"]
[Round "7.36"]
[White "Dagnicourt, Francis"]
[Black "Honorable, Nicolas"]
[Result "1-0"]
[WhiteElo "1765"]
[BlackElo "1220"]
[PlyCount "111"]
[EventDate "2009.??.??"]

1. d4 d5 2. c4 dxc4 3. Nf3 Nf6 4. e3 Nc6 5. Bxc4 e6 6. Nc3 Bb4 7. Qc2 O-O 8.
O-O b6 9. Rd1 Bxc3 10. bxc3 Bb7 11. Bd3 g6 12. e4 Nd7 13. Bh6 Re8 14. e5 Ne7
15. Be4 Bxe4 16. Qxe4 Nf5 17. Bg5 f6 18. exf6 Nxf6 19. Qc6 Qd5 20. Ne5 Ne4 21.
Qxd5 exd5 22. Bd2 c5 23. f3 Nxd2 24. Rxd2 cxd4 25. cxd4 Nxd4 26. Ng4 Nxf3+ 27.
gxf3 Rf8 28. Kg2 h5 29. Ne5 Rae8 30. Nxg6 Rf5 31. Nh4 Rg5+ 32. Kf2 Kf7 33. Rc1
a5 34. Rc7+ Kf6 35. Rd7 Ke6 36. Rb7 Kd6 37. Rxb6+ Kc5 38. Rbb2 d4 39. Rbc2+ Kd5
40. Rc7 Rd8 41. a4 Rb8 42. Rd7+ Kc4 43. R7xd4+ Kb3 44. R2d3+ Ka2 45. Rd5 Rb2+
46. Ke3 Rxd5 47. Rxd5 Rb3+ 48. Rd3 Rb4 49. Nf5 Rxa4 50. Nd4 Ra3 51. Rxa3+ Kxa3
52. Kd3 Kb2 53. f4 a4 54. f5 a3 55. f6 a2 56. Nc2 1-0

[Event "8eme Open International de La Fere"]
[Site "La Fere (FRA)"]
[Date "2009.07.09"]
[Round "7.37"]
[White "Cherief, Hicham"]
[Black "Rouffignac, Tanguy"]
[Result "0-1"]
[WhiteElo "1199"]
[BlackElo "1740"]
[PlyCount "74"]
[EventDate "2009.??.??"]

1. e4 c5 2. Nf3 d6 3. d3 a6 4. Be3 Nc6 5. Nc3 e6 6. d4 cxd4 7. Nxd4 Nf6 8. Be2
Be7 9. O-O O-O 10. Qd2 Nxd4 11. Bxd4 b5 12. Rad1 e5 13. Be3 h6 14. a3 Bb7 15.
Bd3 Rc8 16. f4 Ng4 17. Rf3 f5 18. fxe5 Nxe3 19. Rxe3 dxe5 20. Re2 f4 21. b4 Bg5
22. Qe1 Qb6+ 23. Kh1 Qg6 24. Nd5 Qh5 25. g3 Qf3+ 26. Kg1 Bxd5 27. exd5 Bd8 28.
Qf2 Qh5 29. Rde1 Bc7 30. Re4 Rf6 31. Be2 f3 32. g4 Qf7 33. Bxf3 Rxf3 34. Qg2
Bb6+ 35. Kh1 Rf2 36. Qg3 Rcxc2 37. Rxe5 Rf1+ 0-1

[Event "8eme Open International de La Fere"]
[Site "La Fere (FRA)"]
[Date "2009.07.09"]
[Round "7.38"]
[White "Neumair, Dorian"]
[Black "Eeckhout, Jean-Louis"]
[Result "0-1"]
[WhiteElo "1196"]
[BlackElo "1723"]
[PlyCount "68"]
[EventDate "2009.??.??"]

1. e4 c5 2. c4 d6 3. Nc3 Nf6 4. g3 g6 5. Bg2 Bg7 6. Nge2 O-O 7. d3 Nc6 8. O-O
e6 9. a3 a6 10. Rb1 Nd7 11. b4 cxb4 12. axb4 Nd4 13. Be3 Nxe2+ 14. Nxe2 Nb8 15.
f4 Qc7 16. Qa4 Bd7 17. Qa5 Qxa5 18. bxa5 Bc6 19. Bb6 Re8 20. d4 d5 21. cxd5
exd5 22. e5 Bb5 23. Rfe1 Bc4 24. Nc3 Nd7 25. Nxd5 Bxd5 26. Bxd5 Nxb6 27. Rxb6
Rad8 28. Bxb7 Rd7 29. Bxa6 Rxd4 30. Ra1 Bf8 31. Bf1 Bc5 32. Rb5 Rd1+ 33. Rxc5
Rxa1 34. a6 Rxa6 0-1

[Event "8eme Open International de La Fere"]
[Site "La Fere (FRA)"]
[Date "2009.07.09"]
[Round "7.39"]
[White "Van Poucke, Guy"]
[Black "Dernoncourt, Christophe"]
[Result "0-1"]
[WhiteElo "1190"]
[BlackElo "1720"]
[PlyCount "63"]
[EventDate "2009.??.??"]

1. e4 e6 2. d4 d5 3. e5 c5 4. c3 Nc6 5. Bb5 Qb6 6. Bxc6+ bxc6 7. Nf3 Ba6 8. b3
cxd4 9. Nxd4 Bc5 10. Be3 Ne7 11. Nd2 Ng6 12. c4 Bxd4 13. Bxd4 Qxd4 14. O-O Nxe5
15. h3 O-O 16. Re1 Nd3 17. Re2 dxc4 18. bxc4 Bxc4 19. Nxc4 Qxc4 20. Rc1 Qxc1
21. Qxc1 Nxc1 22. Rc2 Nd3 23. a4 Rad8 24. Rxc6 a5 25. g3 e5 26. Kg2 e4 27. h4
h5 28. Rb6 Rc8 29. Rb5 g6 30. Rxa5 Rc1 31. Rb5 Ne1+ 32. Kh2 0-1

[Event "8eme Open International de La Fere"]
[Site "La Fere (FRA)"]
[Date "2009.07.09"]
[Round "7.40"]
[White "Tivol, Thierry"]
[Black "Baye, Dylan"]
[Result "1-0"]
[WhiteElo "1720"]
[BlackElo "1050"]
[PlyCount "35"]
[EventDate "2009.??.??"]

1. e4 c5 2. d4 e6 3. Nf3 Nc6 4. c3 Nf6 5. Bg5 cxd4 6. e5 h6 7. Bh4 g5 8. Bg3
Ne4 9. Nxd4 Nxd4 10. Qxd4 Nxg3 11. hxg3 Be7 12. Nd2 Qc7 13. Ne4 O-O 14. Rxh6
Qb6 15. Qxb6 axb6 16. Nf6+ Kg7 17. Rh7+ Kg6 18. Bd3# 1-0

[Event "8eme Open International de La Fere"]
[Site "La Fere (FRA)"]
[Date "2009.07.09"]
[Round "7.42"]
[White "Hoelting, Siegfried"]
[Black "Adelise, Theo"]
[Result "1-0"]
[WhiteElo "1920"]
[BlackElo "1735"]
[PlyCount "91"]
[EventDate "2009.??.??"]

1. e4 e6 2. d4 d5 3. e5 c5 4. c3 Qb6 5. Nf3 Nc6 6. Be2 Be7 7. O-O f6 8. dxc5
Bxc5 9. b4 Be7 10. Bf4 fxe5 11. Nxe5 Nxe5 12. Bxe5 Bf6 13. Bh5+ g6 14. Bxf6
Nxf6 15. Bf3 Bd7 16. a4 a5 17. b5 O-O 18. Ra2 Rad8 19. Rd2 Bc8 20. Qe2 Qc7 21.
g3 Qc4 22. Qd1 b6 23. Bg2 Bb7 24. Rd4 Qc5 25. Qe2 Bc8 26. Qe5 Qd6 27. Qxd6 Rxd6
28. c4 e5 29. Bxd5+ Nxd5 30. Rxd5 Rxd5 31. cxd5 Bf5 32. Na3 Bd3 33. Rd1 e4 34.
Rc1 Rd8 35. Rc6 Rxd5 36. Nc4 Bxc4 37. Rxc4 Kf8 38. Rxe4 Kf7 39. h4 h5 40. Kg2
Kf6 41. Kf3 Rf5+ 42. Rf4 Ke5 43. Rxf5+ Kxf5 44. Ke3 Ke5 45. f3 Kd5 46. f4 1-0

[Event "8eme Open International de La Fere"]
[Site "La Fere (FRA)"]
[Date "2009.07.09"]
[Round "7.43"]
[White "Daniel, Antoine"]
[Black "Vernede, Victor"]
[Result "1-0"]
[WhiteElo "1835"]
[BlackElo "1720"]
[PlyCount "53"]
[EventDate "2009.??.??"]

1. e4 e6 2. d4 d5 3. exd5 exd5 4. Bd3 Nf6 5. Nf3 Nc6 6. O-O Be7 7. c3 O-O 8.
Bg5 Nd7 9. Bxe7 Nxe7 10. Qc2 Nf6 11. Nbd2 c6 12. Ne5 Ng6 13. Nxg6 fxg6 14. Nf3
Ng4 15. h3 Nh6 16. Ne5 Bf5 17. Rae1 a6 18. g4 Bc8 19. f4 Qh4 20. Kg2 Rxf4 21.
Nxg6 Rxg4+ 22. hxg4 Qxg4+ 23. Kh1 hxg6 24. Re8+ Kh7 25. Bxg6+ Qxg6 26. Rh8+
Kxh8 27. Qxg6 1-0

[Event "8eme Open International de La Fere"]
[Site "La Fere (FRA)"]
[Date "2009.07.09"]
[Round "7.44"]
[White "Lucas, Bernard"]
[Black "Casier, Fabrice"]
[Result "1/2-1/2"]
[WhiteElo "1709"]
[BlackElo "1820"]
[PlyCount "52"]
[EventDate "2009.??.??"]

1. e4 d5 2. exd5 Qxd5 3. Nc3 Qa5 4. d4 c6 5. Nf3 Nf6 6. Be2 Bf5 7. O-O e6 8. a3
Bd6 9. Re1 O-O 10. Bd3 Bxd3 11. Qxd3 Nbd7 12. Bd2 Qc7 13. Ne2 c5 14. c3 cxd4
15. Nexd4 Ne5 16. Nxe5 Bxe5 17. Nf3 Rfd8 18. Qe2 Bf4 19. Bxf4 Qxf4 20. Rad1 Qc7
21. Rxd8+ Rxd8 22. Rd1 Rxd1+ 23. Qxd1 Nd5 24. Qa4 Qd8 25. h3 a6 26. Qd4 Qb6
1/2-1/2

[Event "8eme Open International de La Fere"]
[Site "La Fere (FRA)"]
[Date "2009.07.09"]
[Round "7.45"]
[White "Fauchart, Francois"]
[Black "Dumas, Victor"]
[Result "0-1"]
[WhiteElo "1653"]
[BlackElo "1806"]
[PlyCount "84"]
[EventDate "2009.??.??"]

1. d4 d5 2. Nf3 e6 3. Bf4 Bd6 4. Bg3 Nf6 5. e3 O-O 6. Nbd2 b6 7. c3 Bb7 8. Bd3
Re8 9. Ne5 Bxe5 10. Bxe5 Nbd7 11. f4 Ne4 12. Qc2 f6 13. O-O fxe5 14. fxe5 Nxd2
15. Qxd2 Rf8 16. Qe2 Qg5 17. Rf3 Rxf3 18. Qxf3 Rf8 19. Qh3 Qh6 20. Qxh6 gxh6
21. Rf1 Rxf1+ 22. Kxf1 Kg7 23. h4 Bc8 24. h5 Nb8 25. Kf2 Ba6 26. Bc2 Nc6 27. b4
Nd8 28. g4 Nf7 29. Kg3 Ng5 30. Ba4 Ne4+ 31. Kf4 Nxc3 32. Bd7 Kf7 33. a4 Bb7 34.
Bb5 Nxb5 35. axb5 Bc8 36. g5 Bd7 37. e4 dxe4 38. gxh6 Bxb5 39. Kxe4 a5 40. bxa5
bxa5 41. Ke3 Ke7 42. Kd2 Kd7 0-1

[Event "8eme Open International de La Fere"]
[Site "La Fere (FRA)"]
[Date "2009.07.09"]
[Round "7.46"]
[White "Rigolot, Lucie"]
[Black "Chevance, Gerard"]
[Result "1-0"]
[WhiteElo "1806"]
[BlackElo "1709"]
[PlyCount "29"]
[EventDate "2009.??.??"]

1. e4 c6 2. d4 d5 3. exd5 cxd5 4. Bd3 Nf6 5. h3 Nc6 6. c3 g6 7. Qc2 Bg7 8. Nf3
O-O 9. O-O Ne8 10. Ne1 a6 11. Bf4 b5 12. a3 Bb7 13. Nd2 Rc8 14. Qd1 Na5 15. Nb3
1-0